| 000 | 00397nam a2200181Ia 4500 | ||
|---|---|---|---|
| 005 | 20250603144424.0 | ||
| 008 | 250603s9999 xx 000 0 und d | ||
| 020 | _a9789780294549 | ||
| 050 | _aPR 9387.9 .S6/ | ||
| 100 | _aSoyinka, Wole | ||
| 245 | 2 | _aA play of giants | |
| 260 | _aAbuja | ||
| 260 | _bSpectrum Books | ||
| 260 | _c1984 | ||
| 300 | _a69 p | ||
| 650 | _aAbuja | ||
| 942 | _cBK | ||
| 999 |
_c38873 _d38873 |
||